| 000 | 00516nam a22001817a 4500 | ||
|---|---|---|---|
| 005 | 20251108171917.0 | ||
| 008 | 250721s1995 xx 000 0 ara d | ||
| 082 | 1 | 4 | _aق/مصب |
| 100 | 1 | _aالمصباحي، حسونة | |
| 245 | 1 | 0 |
_aهلوسات بتر شيش : _bرواية / |
| 264 | 1 |
_aالدار البيضاء : _bدار توبقال، _c1995. |
|
| 300 | _a150ص | ||
| 490 | 0 | _aنصوص أدبية | |
| 650 | 1 | 7 | _aالقصص |
| 650 | 1 | 7 | _aالأدب العربي |
| 942 |
_2ddc _cBK |
||
| 999 |
_c65757 _d65757 |
||